The fox and the lion

Bibliographic Details
Main Author: Haisson
Format: Book
Published: Kuala Lumpur : Pekan Ilmu , 2005
Series:Moral stories for children
Subjects:

MARC

LEADER 00000cam a2200000 7i4500
001 0000003284
005 20220105103943.0
008 070718
020 |a 9832567610 
090 0 0 |a JP   |b MOR ENG (4045) 
100 0 |a Haisson 
245 1 4 |a The fox and the lion   |c Haisson 
260 |a Kuala Lumpur :   |b Pekan Ilmu ,   |c 2005 
440 |a Moral stories for children 
500 |a Children age 4-6 years old (yellow) 
650 0 |a Junior preschool   |x English   |x Languages 
650 0 |a Moral 
999 |a 0000960117   |b Book   |c Children Collection   |e Perbadanan Perpustakaan Awam Johor 
999 |a 0000960118   |b Book   |c Children Collection   |e Cawangan Tmn. Ungku Tun Aminah 
999 |a 0000960119   |b Book   |c Children Collection   |e Perbadanan Perpustakaan Awam Johor 
999 |a 0000960120   |b Book   |c Children Collection   |e Perbadanan Perpustakaan Awam Johor 
999 |a 0000960121   |b Book   |c Children Collection   |e Cawangan Tmn. Ungku Tun Aminah 
999 |a 0001054156   |b Book   |c Children Collection   |e Cawangan Pontian 
999 |a 0001054157   |b Book   |c Children Collection   |e Cawangan Taman Universiti 
999 |a 0001054158   |b Book   |c Children Collection   |e Cawangan Segamat